Countries that beat Finland - Statistics

General Stats
  • This quiz has been taken 257 times
  • The average score is 6 of 10
Answer Stats
Category Rank Answer % Correct
Paper production 7 China, United States, Japan...
92%
Medals in Winter Olympics 7 Norway, United States, Germany...
90%
Press freedom 4 Norway, Sweden, Netherlands
89%
Gender equality 3 Iceland, Norway
75%
Electricity consumption per capita 9 Iceland, Liechtenstein, Norway...
70%
Least corruption 3 New Zealand, Denmark
64%
Number of islands 2 Sweden
61%
Freest elections 2 Denmark
55%
Income equality 5 Slovakia, Slovenia, Czech Republic...
22%
Economic environment for business 3 Singapore, Israel
15%
No matching quizzes found
Score Distribution
Percent of People with Each Score
Percentile by Number Answered
Your Score History
You have not taken this quiz